Statistics for NBA 2019-2020 Top 50 players (before season start)

Click here to take the quiz!

General Stats

  • This quiz has been taken 2,354 times
  • The average score is 43 of 50

Answer Stats

HintTeamAnswerPosition% Correct
1LakersLeBron JamesSF
100%
6LakersAnthony DavisPF
99%
3BucksGiannis AntetokounmpoPF
99%
4RocketsJames HardenSG
99%
2ClippersKawhi LeonardSF
99%
5WarriorsStephen CurryPG
99%
10BlazersDamian LillardPG
98%
776ersJoel EmbiidC
98%
8NetsKyrie IrvingPG
98%
9ClippersPaul GeorgeSF
98%
13NuggetsNikola JokicC
97%
12HeatJimmy ButlerSG
96%
14TimberwolvesKarl-Anthony TownsC
96%
24ThunderChris PaulPG
95%
11RocketsRussell WestbrookPG
95%
19WarriorsDraymond GreenPF
94%
18JazzRudy GobertC
94%
1776ersBen SimmonsPG
93%
23SunsDevin BookerSG
93%
20WizardsBradley BealSG
92%
31CelticsJayson TatumSF
92%
29MavericksLuka DoncicSG
92%
16PistonsBlake GriffinPF
91%
28JazzDonovan MitchellSG
91%
21BlazersCJ McCollumSG
89%
25SpursDemar DerozanSG
89%
41HawksTrae YoungPG
89%
32CavaliersKevin LovePF
86%
37RaptorsKyle LowryPG
86%
40NuggetsJamal MurrayPG
85%
30RocketsClint CapelaC
84%
22CelticsKemba WalkerPG
84%
39RaptorsPascal SiakamPF
84%
15PacersVictor OladipoSG
84%
43BullsZach LavineSG
84%
33PistonsAndre DrummondC
83%
27SpursLamarcus AldridgePF
81%
2676ersTobias HarrisPF
81%
46ThunderSteven AdamsC
78%
35MagicNikola VucevicC
77%
38KnicksJulius RandlePF
76%
36WarriorsD'Angelo RussellPG
75%
45JazzMike ConleyPG
75%
44HawksJohn CollinsPF
74%
34PelicansJrue HolidaySG
73%
49TimberwolvesAndrew WigginsSG/SF
72%
48KingsBuddy HieldSG
71%
42ClippersLou WilliamsSG
71%
50BlazersHassan WhitesideC
55%
47ClippersMontrezl HarrellPF
53%

Score Distribution

Percentile by Number Answered

Percent of People with Each Score

Your Score History

You have not taken this quiz